| 000 | 01215cam a22003977a 4500 | ||
|---|---|---|---|
| 001 | data | ||
| 005 | 20260322212120.0 | ||
| 008 | data | ||
| 035 | _a14533085 | ||
| 906 |
_a7 _bcbc _ccopycat _d2 _encip _f20 _gy-gencatlg |
||
| 925 | 0 |
_aacquire _b2 shelf copies _xpolicy default |
|
| 010 | _a 2006297727 | ||
| 020 | _a0974563307 | ||
| 020 | _a9780974563305 | ||
| 035 | _a(OCoLC)70789673 | ||
| 040 |
_aFFL _cFFL _dDLC |
||
| 042 | _alccopycat | ||
| 050 | 0 | 0 |
_aTX716.H3 _bB56 2003 |
| 082 | 0 | 0 |
_a641.5/97294 _222 |
| 100 | 1 | _aBlot, Anssie. | |
| 245 | 1 | 0 |
_aHaitian cuisine & more / _cby Anssie Blot. |
| 260 |
_a[S.l.] : _bAnssie Blot , _cc2003. |
||
| 300 |
_a160 p. : _bcol. ill. ; _c28 cm. |
||
| 336 |
_atext _btxt _2rdacontent |
||
| 337 |
_aunmediated _bn _2rdamedia |
||
| 338 |
_avolume _bnc _2rdacarrier |
||
| 500 | _aIncludes index. | ||
| 650 | 0 | _aCooking, Haitian. | |
| 650 | 0 | _aCooking, Creole. | |
| 650 | 0 |
_aCooking _zBahamas. |
|
| 650 | 0 | _aCooking, Philippine. | |
| 650 | 0 | _aCooking, Jamaican. | |
| 650 | 0 | _aCooking, Cuban. | |
| 999 |
_c1842 _d1842 |
||